<?xml version="1.0" encoding="UTF-8"?>
<record
    xmlns:xsi="http://www.w3.org/2001/XMLSchema-instance"
    xsi:schemaLocation="http://www.loc.gov/MARC21/slim http://www.loc.gov/standards/marcxml/schema/MARC21slim.xsd"
    xmlns="http://www.loc.gov/MARC21/slim">

  <leader>01023nam a2200313Ia 4500</leader>
  <controlfield tag="001">Para_1488</controlfield>
  <controlfield tag="003">CHAP</controlfield>
  <controlfield tag="008">220125s2000    xx            000 0 und d</controlfield>
  <datafield tag="010" ind1=" " ind2=" ">
    <subfield code="a">198730</subfield>
  </datafield>
  <datafield tag="040" ind1=" " ind2=" ">
    <subfield code="c">CHAP</subfield>
  </datafield>
  <datafield tag="082" ind1=" " ind2=" ">
    <subfield code="a">PA 632 L5</subfield>
  </datafield>
  <datafield tag="100" ind1=" " ind2=" ">
    <subfield code="a">Ll&#xE1;cer, G., ed.</subfield>
    <subfield code="9">164027</subfield>
  </datafield>
  <datafield tag="245" ind1=" " ind2=" ">
    <subfield code="a">Patolog&#xED;a vegetal  /</subfield>
    <subfield code="c"> ed. por G. Ll&#xE1;cer [y otros)</subfield>
  </datafield>
  <datafield tag="250" ind1=" " ind2=" ">
    <subfield code="a">2a.</subfield>
  </datafield>
  <datafield tag="260" ind1=" " ind2=" ">
    <subfield code="a">M&#xE9;xico, D.F. :</subfield>
    <subfield code="b"> Mundiprensa</subfield>
  </datafield>
  <datafield tag="300" ind1=" " ind2=" ">
    <subfield code="a">v.</subfield>
  </datafield>
  <datafield tag="503" ind1=" " ind2=" ">
    <subfield code="a">I.240613 (t.1, ej.3) (t.2, ej.2) \ I.234772 (t.1, ej.3) (t.2, ej.2) \ I.234773 (t.2, ej.4) (t.1, ej.4)</subfield>
  </datafield>
  <datafield tag="505" ind1=" " ind2=" ">
    <subfield code="a">Contenido: t.1 introducci&#xF3;n, virolog&#xED;a, micoplasmolog&#xED;a y bacteriolog&#xED;a-- t. 2. micolog&#xED;a, plantas par&#xE1;sitas, nematolog&#xED;a</subfield>
  </datafield>
  <datafield tag="650" ind1=" " ind2=" ">
    <subfield code="a">Bacteriolog&#xED;a agr&#xED;cola </subfield>
    <subfield code="9">9337</subfield>
  </datafield>
  <datafield tag="650" ind1=" " ind2=" ">
    <subfield code="a">Fitopatolog&#xED;a </subfield>
    <subfield code="9">41161</subfield>
  </datafield>
  <datafield tag="650" ind1=" " ind2=" ">
    <subfield code="a">Nem&#xE1;todos par&#xE1;sitos de plantas</subfield>
    <subfield code="9">80835</subfield>
  </datafield>
  <datafield tag="901" ind1=" " ind2=" ">
    <subfield code="a">PA 632 L5</subfield>
  </datafield>
  <datafield tag="902" ind1=" " ind2=" ">
    <subfield code="a">M</subfield>
  </datafield>
  <datafield tag="905" ind1=" " ind2=" ">
    <subfield code="a">0000002000                             adi 0000000000   00</subfield>
  </datafield>
  <datafield tag="910" ind1=" " ind2=" ">
    <subfield code="a">2000</subfield>
  </datafield>
  <datafield tag="942" ind1=" " ind2=" ">
    <subfield code="c">PARA</subfield>
  </datafield>
  <datafield tag="942" ind1=" " ind2=" ">
    <subfield code="c">PARA</subfield>
    <subfield code="d">1</subfield>
  </datafield>
  <datafield tag="999" ind1=" " ind2=" ">
    <subfield code="c">198730</subfield>
    <subfield code="d">198730</subfield>
  </datafield>
  <datafield tag="952" ind1=" " ind2=" ">
    <subfield code="0">0</subfield>
    <subfield code="1">0</subfield>
    <subfield code="2">ddc</subfield>
    <subfield code="4">0</subfield>
    <subfield code="5">3</subfield>
    <subfield code="7">0</subfield>
    <subfield code="8">GRAL</subfield>
    <subfield code="a">PA</subfield>
    <subfield code="b">PA</subfield>
    <subfield code="d">2011-02-15</subfield>
    <subfield code="i">(PA_09550) (No. UACh 248270)</subfield>
    <subfield code="l">1</subfield>
    <subfield code="o">PA 632 L5 </subfield>
    <subfield code="p">4102001811</subfield>
    <subfield code="r">2024-10-29 13:31:37</subfield>
    <subfield code="s">2024-10-25</subfield>
    <subfield code="t">T.2 Ej.5</subfield>
    <subfield code="w">2022-01-25</subfield>
    <subfield code="y">LIBRO</subfield>
    <subfield code="z">3</subfield>
  </datafield>
  <datafield tag="952" ind1=" " ind2=" ">
    <subfield code="0">0</subfield>
    <subfield code="1">0</subfield>
    <subfield code="2">ddc</subfield>
    <subfield code="4">0</subfield>
    <subfield code="5">1</subfield>
    <subfield code="7">0</subfield>
    <subfield code="8">GRAL</subfield>
    <subfield code="a">PA</subfield>
    <subfield code="b">PA</subfield>
    <subfield code="d">2005-10-27</subfield>
    <subfield code="i">(PA_7677) (No. UACh 211624)</subfield>
    <subfield code="l">0</subfield>
    <subfield code="o">PA 632 L5  </subfield>
    <subfield code="p">4102001802</subfield>
    <subfield code="r">2022-01-25 00:00:00</subfield>
    <subfield code="t">T.1 Ej.1</subfield>
    <subfield code="w">2022-01-25</subfield>
    <subfield code="y">LIBRO</subfield>
    <subfield code="z">3</subfield>
  </datafield>
  <datafield tag="952" ind1=" " ind2=" ">
    <subfield code="0">0</subfield>
    <subfield code="1">0</subfield>
    <subfield code="2">ddc</subfield>
    <subfield code="4">0</subfield>
    <subfield code="5">1</subfield>
    <subfield code="7">0</subfield>
    <subfield code="8">GRAL</subfield>
    <subfield code="a">PA</subfield>
    <subfield code="b">PA</subfield>
    <subfield code="d">2005-10-27</subfield>
    <subfield code="i">(PA_5532) (No. UACh 211624)</subfield>
    <subfield code="l">0</subfield>
    <subfield code="o">PA 632 L5  </subfield>
    <subfield code="p">4102001803</subfield>
    <subfield code="r">2022-01-25 00:00:00</subfield>
    <subfield code="t">T.2 Ej.1</subfield>
    <subfield code="w">2022-01-25</subfield>
    <subfield code="y">LIBRO</subfield>
    <subfield code="z">3</subfield>
  </datafield>
  <datafield tag="952" ind1=" " ind2=" ">
    <subfield code="0">0</subfield>
    <subfield code="1">0</subfield>
    <subfield code="2">ddc</subfield>
    <subfield code="4">0</subfield>
    <subfield code="5">3</subfield>
    <subfield code="7">0</subfield>
    <subfield code="8">GRAL</subfield>
    <subfield code="a">PA</subfield>
    <subfield code="b">PA</subfield>
    <subfield code="d">2007-10-03</subfield>
    <subfield code="i">(PA_09195) (No. UACh 234772)</subfield>
    <subfield code="l">0</subfield>
    <subfield code="o">PA 632 L5  </subfield>
    <subfield code="p">4102001804</subfield>
    <subfield code="r">2022-01-25 00:00:00</subfield>
    <subfield code="t">T.1 Ej.2</subfield>
    <subfield code="w">2022-01-25</subfield>
    <subfield code="y">LIBRO</subfield>
    <subfield code="z">3</subfield>
  </datafield>
  <datafield tag="952" ind1=" " ind2=" ">
    <subfield code="0">0</subfield>
    <subfield code="1">0</subfield>
    <subfield code="2">ddc</subfield>
    <subfield code="4">0</subfield>
    <subfield code="5">3</subfield>
    <subfield code="7">0</subfield>
    <subfield code="8">GRAL</subfield>
    <subfield code="a">PA</subfield>
    <subfield code="b">PA</subfield>
    <subfield code="d">2007-10-03</subfield>
    <subfield code="i">(PA_09196) (No. UACh 234773)</subfield>
    <subfield code="l">0</subfield>
    <subfield code="o">PA 632 L5  </subfield>
    <subfield code="p">4102001805</subfield>
    <subfield code="r">2022-01-25 00:00:00</subfield>
    <subfield code="t">T.2 Ej.2</subfield>
    <subfield code="w">2022-01-25</subfield>
    <subfield code="y">LIBRO</subfield>
    <subfield code="z">3</subfield>
  </datafield>
  <datafield tag="952" ind1=" " ind2=" ">
    <subfield code="0">0</subfield>
    <subfield code="1">0</subfield>
    <subfield code="2">ddc</subfield>
    <subfield code="4">0</subfield>
    <subfield code="5">3</subfield>
    <subfield code="7">0</subfield>
    <subfield code="8">GRAL</subfield>
    <subfield code="a">PA</subfield>
    <subfield code="b">PA</subfield>
    <subfield code="d">2007-10-03</subfield>
    <subfield code="i">(PA_09197) (No. UACh 234773)</subfield>
    <subfield code="l">0</subfield>
    <subfield code="o">PA 632 L5  </subfield>
    <subfield code="p">4102001806</subfield>
    <subfield code="r">2022-01-25 00:00:00</subfield>
    <subfield code="t">T.1 Ej.3</subfield>
    <subfield code="w">2022-01-25</subfield>
    <subfield code="y">LIBRO</subfield>
    <subfield code="z">3</subfield>
  </datafield>
  <datafield tag="952" ind1=" " ind2=" ">
    <subfield code="0">0</subfield>
    <subfield code="1">0</subfield>
    <subfield code="2">ddc</subfield>
    <subfield code="4">0</subfield>
    <subfield code="5">3</subfield>
    <subfield code="7">0</subfield>
    <subfield code="8">GRAL</subfield>
    <subfield code="a">PA</subfield>
    <subfield code="b">PA</subfield>
    <subfield code="d">2007-10-03</subfield>
    <subfield code="i">(PA_09198) (No. UACh 234772)</subfield>
    <subfield code="l">2</subfield>
    <subfield code="o">PA 632 L5  </subfield>
    <subfield code="p">4102001807</subfield>
    <subfield code="r">2023-11-13 00:00:00</subfield>
    <subfield code="s">2023-11-06</subfield>
    <subfield code="t">T.2 Ej.3</subfield>
    <subfield code="w">2022-01-25</subfield>
    <subfield code="y">LIBRO</subfield>
    <subfield code="z">3</subfield>
  </datafield>
  <datafield tag="952" ind1=" " ind2=" ">
    <subfield code="0">0</subfield>
    <subfield code="1">0</subfield>
    <subfield code="2">ddc</subfield>
    <subfield code="4">0</subfield>
    <subfield code="5">3</subfield>
    <subfield code="7">0</subfield>
    <subfield code="8">GRAL</subfield>
    <subfield code="a">PA</subfield>
    <subfield code="b">PA</subfield>
    <subfield code="d">2008-10-03</subfield>
    <subfield code="i">(PA_09330) (No. UACh 240613)</subfield>
    <subfield code="l">0</subfield>
    <subfield code="o">PA 632 L5  </subfield>
    <subfield code="p">4102001808</subfield>
    <subfield code="r">2022-01-25 00:00:00</subfield>
    <subfield code="t">T.1 Ej.4</subfield>
    <subfield code="w">2022-01-25</subfield>
    <subfield code="y">LIBRO</subfield>
    <subfield code="z">3</subfield>
  </datafield>
  <datafield tag="952" ind1=" " ind2=" ">
    <subfield code="0">0</subfield>
    <subfield code="1">0</subfield>
    <subfield code="2">ddc</subfield>
    <subfield code="4">0</subfield>
    <subfield code="5">3</subfield>
    <subfield code="7">0</subfield>
    <subfield code="8">GRAL</subfield>
    <subfield code="a">PA</subfield>
    <subfield code="b">PA</subfield>
    <subfield code="d">2008-10-03</subfield>
    <subfield code="i">(PA_09331) (No. UACh 240613)</subfield>
    <subfield code="l">2</subfield>
    <subfield code="m">2</subfield>
    <subfield code="o">PA 632 L5  </subfield>
    <subfield code="p">4102001809</subfield>
    <subfield code="r">2025-02-21 11:24:27</subfield>
    <subfield code="s">2025-02-18</subfield>
    <subfield code="t">T.2 Ej.4</subfield>
    <subfield code="w">2022-01-25</subfield>
    <subfield code="y">LIBRO</subfield>
    <subfield code="z">3</subfield>
  </datafield>
  <datafield tag="952" ind1=" " ind2=" ">
    <subfield code="0">0</subfield>
    <subfield code="1">0</subfield>
    <subfield code="2">ddc</subfield>
    <subfield code="4">0</subfield>
    <subfield code="5">3</subfield>
    <subfield code="7">0</subfield>
    <subfield code="8">GRAL</subfield>
    <subfield code="a">PA</subfield>
    <subfield code="b">PA</subfield>
    <subfield code="d">2011-02-15</subfield>
    <subfield code="i">(PA_09549) (No. UACh 248270)</subfield>
    <subfield code="l">0</subfield>
    <subfield code="o">PA 632 L5  </subfield>
    <subfield code="p">4102001810</subfield>
    <subfield code="r">2022-01-25 00:00:00</subfield>
    <subfield code="t">T.1 Ej.5</subfield>
    <subfield code="w">2022-01-25</subfield>
    <subfield code="y">LIBRO</subfield>
    <subfield code="z">3</subfield>
  </datafield>
</record>
